Principles of public international law / (Record no. 518)
| 000 -LEADER | |
|---|---|
| fixed length control field | 02695cam a2200349 a 4500 |
| 001 - CONTROL NUMBER | |
| control field | 15281954 |
| 005 - DATE AND TIME OF LATEST TRANSACTION | |
| control field | 20140116120830.0 |
| 008 - FIXED-LENGTH DATA ELEMENTS--GENERAL INFORMATION | |
| fixed length control field | 080430s2008 enk b 001 0 eng |
| 010 ## - LIBRARY OF CONGRESS CONTROL NUMBER | |
| LC control number | 2008019073 |
| 015 ## - NATIONAL BIBLIOGRAPHY NUMBER | |
| National bibliography number | GBA865628 |
| Source | bnb |
| 015 ## - NATIONAL BIBLIOGRAPHY NUMBER | |
| National bibliography number | GBA892373 |
| Source | bnb |
| 016 7# - NATIONAL BIBLIOGRAPHIC AGENCY CONTROL NUMBER | |
| Record control number | 014613948 |
| Source | Uk |
| 016 7# - NATIONAL BIBLIOGRAPHIC AGENCY CONTROL NUMBER | |
| Record control number | 014675660 |
| Source | Uk |
| 020 ## - INTERNATIONAL STANDARD BOOK NUMBER | |
| International Standard Book Number | 9780199217700 |
| 035 ## - SYSTEM CONTROL NUMBER | |
| System control number | (OCoLC)ocn226966567 |
| 035 ## - SYSTEM CONTROL NUMBER | |
| System control number | (OCoLC)226966567 |
| 040 ## - CATALOGING SOURCE | |
| Original cataloging agency | DLC |
| Transcribing agency | DLC |
| Modifying agency | UKM |
| -- | YDXCP |
| -- | BTCTA |
| -- | BAKER |
| -- | BWKUK |
| -- | BWK |
| -- | NLGGC |
| -- | CDX |
| -- | DLC |
| 050 00 - LIBRARY OF CONGRESS CALL NUMBER | |
| Classification number | KZ3225.B76 2008 |
| 100 1# - MAIN ENTRY--PERSONAL NAME | |
| Personal name | Brownlie, Ian. |
| 245 10 - TITLE STATEMENT | |
| Title | Principles of public international law / |
| Statement of responsibility, etc | Ian Brownlie. |
| 250 ## - EDITION STATEMENT | |
| Edition statement | 7th ed. |
| 260 ## - PUBLICATION, DISTRIBUTION, ETC. (IMPRINT) | |
| Place of publication, distribution, etc | Oxford : |
| Name of publisher, distributor, etc | Oxford University Press, |
| Date of publication, distribution, etc | 2008. |
| 300 ## - PHYSICAL DESCRIPTION | |
| Extent | li, 784 p. |
| 504 ## - BIBLIOGRAPHY, ETC. NOTE | |
| Bibliography, etc | Includes bibliographical references and index. |
| 505 0# - FORMATTED CONTENTS NOTE | |
| Formatted contents note | Sources of the law -- The relation of municipal and international law -- Subjects of the law -- Incidence and continuity of statehood -- Recognition of states and governments -- Territorial sovereignty -- The creation and transfer of territorial sovereignty -- Status of territory : further problems -- Territorial sea, contiguous zones, and exclusive economic zones -- The continental shelf : delimitation of shelf areas and exclusive economic zones -- The regime of the high seas -- Common amenities and co-operation in the use of resources -- Legal aspects of the protection of the environment -- Sovereignty and equality of states -- Jurisdictional competence -- Privileges and immunities of foreign states -- Diplomatic and consular relations -- Reservations from territorial sovereignty -- The relations of nationality -- Some rules of attribution : corporations and specific assets -- The responsibility of states -- The admissibility of state claims. |
| 505 0# - FORMATTED CONTENTS NOTE | |
| Formatted contents note | A system of multilateral public order : some incidents of illegality and the concept of Jus Cogens -- Injury to the persons and property of aliens on state territory -- The protection of individuals and groups : human rights and self-determination -- International criminal justice -- The law of treaties -- Other transactions including agency and representation -- State succession -- Other cases of transmission of rights and duties -- International organizations -- The judicial settlement of international disputes -- The use or threat of force by states. |
| 650 #0 - SUBJECT ADDED ENTRY--TOPICAL TERM | |
| Topical term or geographic name as entry element | International law. |
| 856 41 - ELECTRONIC LOCATION AND ACCESS | |
| Materials specified | Table of contents only |
| Uniform Resource Identifier | <a href="http://www.loc.gov/catdir/toc/ecip0817/2008019073.html">http://www.loc.gov/catdir/toc/ecip0817/2008019073.html</a> |
| 906 ## - LOCAL DATA ELEMENT F, LDF (RLIN) | |
| a | 7 |
| b | cbc |
| c | orignew |
| d | 1 |
| e | ecip |
| f | 20 |
| g | y-gencatlg |
| 942 ## - ADDED ENTRY ELEMENTS (KOHA) | |
| Source of classification or shelving scheme | |
| Item type | Book |
| Withdrawn status | Lost status | Source of classification or shelving scheme | Damaged status | Not for loan | Home library | Current library | Date acquired | Source of acquisition | Total Checkouts | Total Renewals | Full call number | Barcode | Date last seen | Date last borrowed | Copy number | Price effective from | Koha item type | Shelving location |
|---|---|---|---|---|---|---|---|---|---|---|---|---|---|---|---|---|---|---|
| Riara University Library | Riara University Library | 22/10/2011 | Purchase | 19 | 2 | KZ3225.B76 2008 | 444/11 | 09/05/2017 | 08/05/2017 | C.2 | 22/10/2011 | Book | ||||||
| Riara University Library | Riara University Library | 22/10/2011 | Purchase | 62 | 10 | KZ3225.B76 2008 | 442/11 | 29/05/2024 | 20/05/2024 | C.3 | 22/10/2011 | Book | ||||||
| Riara University Library | Riara University Library | 06/11/2013 | 70 | 1 | KZ3225.B76 2008 | 443/11 | 26/07/2023 | 17/07/2023 | C.1 | 06/11/2013 | Book on Shortloan | Short Loan |
